[Event "SRB-chT 1st League Men 2018"]
[Site "Valjevo"]
[Date "2018.09.06"]
[Round "7"]
[White "Berkes, Ferenc"]
[Black "Indjic, Aleksandar"]
[Result "0-1"]
[WhiteElo "2678"]
[BlackElo "2585"]
[Annotator "TA"]
[PlyCount "49"]
[EventDate "2018.08.31"]
[EventType "team-tourn"]
[EventCountry "SRB"]
[SourceTitle "playchess.com"]
[Source "ChessBase"]
[SourceQuality "1"]

{[%evp 18,49,27,20,18,12,41,24,27,25,23,20,22,23,25,13,41,27,29,27,42,19,29,13,39,34,108,-9,-11,-68,30,31,977,113]} 1. d4 {Atalik,S} Nf6 2. Nf3 e6 3. Bf4 b6 4. e3 Bb7 5. c4 Bb4+ 6. Nfd2 O-O 7. a3 Be7 8. Nc3 d5 9. cxd5 {E12: Queen's Indian: Unusual White 4th moves, 4 a3, 4 Nc3 Bb7 5 a3 and 4 Nc3 Bb7} exd5 10. Be2 {LiveBook: 7 Games} Nbd7 {[%cal Bb8d7,Bd7c5,Bc5e4][%mdl 32]} 11. O-O {The position is equal.} a6 $146 ({Predecessor:} 11... c5 12. Bf3 a6 13. dxc5 Nxc5 14. Qc2 b5 15. Rfd1 Qb6 16. Be5 Rac8 {1-0 (34) Atalik,S (2597)-Odnorozhenko,E (2318) Kazan 2013 CBM 155 [Atalik,S]}) 12. Rc1 Rc8 13. Bf3 c5 14. dxc5 Nxc5 15. Nb3 Nce4 16. Be5 b5 17. h3 Qb6 18. Bd4 Qe6 19. Bxe4 Nxe4 20. Ne2 Ng5 21. Rxc8 Bxc8 (21... Rxc8 $14 22. h4 Ne4) 22. f4 (22. Nf4 $16 Qh6 23. Qc2) 22... Ne4 $1 $11 23. Nc3 (23. f5 $11 Qh6 24. Nf4) 23... f5 (23... Nxc3 $15 24. Bxc3 Qxe3+ 25. Kh1 Re8) 24. Nxe4 Bc5 $2 {[%mdl 8192] [#]} (24... dxe4 $14 25. Nc5 Qg6) 25. Kf2 $2 {[%mdl 32768] Precision: White = 39%, Black = 20%. . Sensor Board Error (Ke4/e5)?} (25. Nbxc5 $18 {and White stays clearly on top.} Qe7 26. Ng5) 0-1

[Event "SRB-chT 1st League Men 2018"]
[Site "Valjevo"]
[Date "2018.09.06"]
[Round "7"]
[White "Nikolic, Predrag"]
[Black "Miladinovic, Igor"]
[Result "1-0"]
[WhiteElo "2584"]
[BlackElo "2545"]
[Annotator "TA"]
[PlyCount "107"]
[EventDate "2018.08.31"]
[EventType "team-tourn"]
[EventCountry "SRB"]
[SourceTitle "playchess.com"]
[Source "ChessBase"]
[SourceQuality "1"]

{[%evp 17,107,20,79,75,72,35,44,26,40,18,29,0,20,0,39,6,70,47,54,44,113,64,75,63,64,8,14,5,19,19,65,70,93,56,68,64,58,62,65,54,76,80,92,71,87,62,75,82,85,91,85,50,44,49,52,49,59,47,47,43,50,45,79,83,262,162,154,133,308,292,314,295,320,297,447,431,495,530,507,506,553,545,502,406,405,403,602,577,1521,1510,29977,29981]} 1. d4 d5 2. c4 Nc6 3. Nc3 Nf6 4. Nf3 dxc4 5. e3 Bg4 6. Bxc4 e6 7. Bb5 {D07: Queen's Gambit: Chigorin Defence} Bb4 (7... Bd6 8. e4 Nd7 9. Be3 e5 10. Bxc6 bxc6 11. h3 exd4 12. Bxd4 Be6 13. O-O O-O 14. Ne2 c5 {1-0 (36) Berkes,F (2653)-Stevic,H (2601) Hungary 2018}) 8. Qa4 Bxf3 9. gxf3 Qd6 {LiveBook: 3 Games} (9... O-O $11) 10. O-O $16 Nd5 $146 ({Predecessor:} 10... Bxc3 11. bxc3 Nd7 12. Rb1 Nb6 13. Qc2 O-O 14. Kh1 Rad8 {½-½ (37) St Amour,P (2153)-Smith,D (1963) Chessfriend.com 2004}) 11. Ne4 Qd7 12. Bxc6 Qxc6 13. Qxc6+ bxc6 14. a3 Bd6 15. Bd2 f5 16. Ng3 g6 (16... Ne7 $11) 17. Rac1 Kd7 18. Rc2 Nf6 ({Black should try} 18... Rhf8 $14) 19. Rfc1 Rhb8 20. Ba5 Rb3 21. Rxc6 (21. Nf1 $1 $14) 21... Rxb2 $11 22. Bxc7 Bxa3 {[#] ...Rb7 is the strong threat.} 23. Be5 Ne8 24. Ra6 $36 {[%mdl 2048] White has the initiative.} Bd6 25. Bxd6 Nxd6 26. Rcc6 Nb5 {Strongly threatening ...Nc7.} 27. Rxe6 Rc8 28. Rf6 Rc1+ 29. Kg2 {Black must now prevent Rf7+.} Rcc2 {[#]} 30. Nh1 $1 {And now Rf7+ would win.} Ra2 31. Rf7+ Kc8 32. Re6 {[%cal Re6e8]} Rc7 33. Rf8+ Kb7 34. d5 Rd2 35. e4 Nd4 36. Ree8 Ne2 37. Rb8+ Ka6 {Threatens to win with ...Rd1.} 38. Rb1 Nf4+ 39. Kg3 Nh5+ 40. Kh4 h6 $2 (40... Rc4 $16) 41. Rh8 fxe4 42. Rxh6 Nf4 $2 (42... Ka5 $16) 43. fxe4 $18 Rc4 44. Ng3 Rxf2 45. Kg5 Ka5 (45... Rd4 $142 46. Rh7 Nh5 47. Ra1+ (47. Kxg6 Nxg3 48. Rh3 Ra2 $18) 47... Kb6 48. Raxa7 (48. Rhxa7 Rxh2 49. R7a6+ Kb7 $18) 48... Nxg3) 46. Rh7 {[%cal Rh7a7]} a6 47. Rf7 Nh3+ 48. Kxg6 Rxh2 49. Rf3 Ka4 50. Kf5 Rc8 {With the idea ...Rf8+.} 51. Rb6 a5 (51... Rf8+ $142 52. Rf6 Rd8 53. Rxa6+ Kb5) 52. e5 Rd2 53. Ne4 Rxd5 54. Nc3+ {Precision: White = 72%, Black = 44%.} 1-0

[Event "SRB-chT 1st League Men 2018"]
[Site "Valjevo"]
[Date "2018.09.06"]
[Round "7"]
[White "Svetushkin, Dmitry"]
[Black "Sedlak, Nikola"]
[Result "1-0"]
[WhiteElo "2580"]
[BlackElo "2587"]
[Annotator "TA"]
[PlyCount "97"]
[EventDate "2018.08.31"]
[EventType "team-tourn"]
[EventCountry "SRB"]
[SourceTitle "playchess.com"]
[Source "ChessBase"]
[SourceQuality "1"]

{[%evp 15,97,10,17,8,19,16,47,36,62,62,60,58,60,29,45,40,37,47,31,37,68,32,50,36,36,34,36,43,54,55,54,54,65,39,39,37,35,35,35,35,79,81,91,54,91,90,151,152,145,137,150,139,267,263,296,278,785,723,5816,5310,12820,7530,2502,1865,1659,1506,1481,1372,12830,5816,12837,5314,12841,12841,12844,12844,12845,12845,12845,12846,12848,12848,12849,12848]} 1. e4 c6 2. d4 d5 3. e5 c5 4. Nf3 cxd4 5. Nxd4 Nc6 6. Nxc6 {B12: Caro-Kann: Advance Variation} bxc6 7. Bd3 e6 8. O-O Ne7 {LiveBook: 3 Games} 9. Re1 $146 ({Predecessor:} 9. c4 Ng6 10. Qe2 Be7 11. f4 O-O 12. Nd2 a5 13. Nf3 {1-0 (37) Karjakin,S (2727)-Short,N (2655) Kiev 2008}) 9... Ng6 10. Nd2 Be7 11. Qg4 h5 12. Qg3 Bh4 13. Qe3 Bg5 14. Qd4 Qb6 15. Nb3 Bxc1 16. Raxc1 Qxd4 17. Nxd4 c5 18. Nb3 c4 19. Bxg6 $1 cxb3 20. Bd3 bxa2 21. Ra1 O-O 22. Rxa2 Bd7 23. Rea1 $36 {[%mdl 2048] White is pushing.} Rfb8 24. Rxa7 Rxa7 25. Rxa7 Bb5 26. Bxb5 Rxb5 $14 {[%mdl 4096] Endgame KR-KR} 27. Ra2 g5 28. Kf1 Kg7 29. Ke2 Kg6 30. b3 Rb7 (30... Kf5 $142) 31. Kd3 Kf5 32. Kd4 Rb4+ 33. Kc5 $1 {[%cal Rc5b4]} Re4 (33... Rh4 $16) 34. f3 $1 $18 {[%cal Rf3e4]} Rh4 {[#]} 35. c4 $1 dxc4 $2 (35... Kxe5 36. cxd5 exd5) 36. b4 {White is clearly winning.} ({Not} 36. bxc4 Kxe5 37. g3 Rh3 $16) 36... Kxe5 37. g3 Rh3 38. b5 h4 39. b6 hxg3 40. b7 Rh8 41. hxg3 Rb8 42. Re2+ Kf5 43. Kc6 (43. Kb6 $142 c3 44. Kc7) 43... g4 {[#]} 44. f4 $1 f6 45. Kc7 Rg8 46. b8=Q Rxb8 47. Kxb8 e5 48. fxe5 fxe5 49. Kc7 {Precision: White = 87%, Black = 35%.} 1-0

[Event "SRB-chT 1st League Men 2018"]
[Site "Valjevo"]
[Date "2018.09.06"]
[Round "7"]
[White "Ivanisevic, Ivan"]
[Black "Perunovic, Milos"]
[Result "1/2-1/2"]
[WhiteElo "2578"]
[BlackElo "2601"]
[Annotator "TA"]
[PlyCount "37"]
[EventDate "2018.08.31"]
[EventType "team-tourn"]
[EventCountry "SRB"]
[SourceTitle "playchess.com"]
[Source "ChessBase"]
[SourceQuality "1"]

{[%evp 16,17,0,0]} 1. d4 Nf6 2. Nf3 d5 3. c4 c6 4. Nc3 e6 5. cxd5 exd5 6. Bg5 Be7 7. e3 Bf5 8. Bd3 Bxd3 {D35: Queen's Gambit Declined: Exchange Variation} 9. Bxf6 {LiveBook: 36 Games} {Predecessor:} Bxf6 $146 10. Qxd3 O-O 11. O-O a5 12. a3 a4 13. Rad1 Nd7 14. Rfe1 g6 15. g3 Bg7 16. Kg2 Re8 17. Qc2 Qa5 18. h4 h5 19. Re2 {½-½ (19) Bruzon Batista,L (2681)-Ortiz Suarez,I (2578) San Salvador 2016} 1/2-1/2

[Event "SRB-chT 1st League Men 2018"]
[Site "Valjevo"]
[Date "2018.09.06"]
[Round "7"]
[White "Lazic, Miroljub"]
[Black "Arsovic, Zoran"]
[Result "0-1"]
[WhiteElo "2476"]
[BlackElo "2422"]
[Annotator "TA"]
[PlyCount "94"]
[EventDate "2018.08.31"]
[EventType "team-tourn"]
[EventCountry "SRB"]
[SourceTitle "playchess.com"]
[Source "ChessBase"]
[SourceQuality "1"]

{[%evp 22,94,-4,-7,-16,-31,11,4,18,11,15,-12,-11,-9,-12,0,0,-10,17,9,14,0,70,39,25,31,47,53,35,41,97,14,32,20,17,23,14,0,0,0,0,0,0,-14,-7,-8,-8,-8,6,6,6,6,10,0,0,0,227,178,335,307,5457,5419,5322,5314,1322,5281,2376,2276,1511,1244,1091,1053,978,-646,-576]} 1. e4 c5 2. Nc3 Nc6 3. g3 g6 4. Bg2 Bg7 5. f4 d6 6. d3 e6 7. Nf3 Nge7 8. O-O O-O 9. Be3 b6 10. Bf2 Qd7 {B25: Closed Sicilian: 3 g3, lines without early Be3} (10... Nd4 11. Nxd4 cxd4 12. Ne2 e5 13. c3 dxc3 14. Nxc3 Bb7 15. d4 exf4 16. gxf4 Rc8 17. Re1 Kh8 18. d5 Qd7 {1-0 (37) Shanava,K (2524)-Georgiev,K (2644) Konya 2017}) 11. Qd2 Ba6 12. Rfe1 {LiveBook: 11 Games} e5 {The position is equal.} 13. fxe5 Nxe5 $146 (13... dxe5 {is interesting.} 14. Be3 Rae8 15. Rf1 Nd4 16. Rf2 f5) ({Predecessor:} 13... dxe5 14. Nd5 Rad8 15. Rad1 f5 16. c3 Qc8 17. Nxe7+ Nxe7 18. Qc2 {0-1 (52) Detela,W (2320)-Lefebvre,A (2315) ICCF email 2015}) 14. Nxe5 Bxe5 15. Be3 Bb7 16. Bh6 Rfe8 17. Re2 d5 18. Rae1 d4 19. Nd1 {[%cal Bc3d1,Bd1f2,Bf2g4][%mdl 32]} (19. Nd5 $5) 19... Qc6 20. Nf2 Bc8 $1 21. Bh3 Bg7 ({Black should play} 21... Bxh3 $11 22. Nxh3 Qd7) 22. Bxc8 Qxc8 23. Qf4 Qe6 24. Ng4 Bxh6 25. Nxh6+ Kg7 $1 {[#]} 26. g4 (26. Rf1 $1 $16) 26... Rf8 27. Nf5+ Kh8 28. Nxe7 Qxe7 29. e5 Qe6 30. b3 Rae8 31. Re4 Kg8 32. Rf1 Qd5 33. Rf3 Re6 34. Qh6 {Black must now prevent Rh3.} Qd7 35. g5 $36 {[%mdl 2048] White has some pressure.} Rfe8 $1 36. Rh4 f5 37. exf6 {Strongly threatening f7+.} Re1+ 38. Kg2 $1 {And now f7+ would win.} R8e2+ $2 (38... R1e2+ $1 $11 {and Black stays safe.} 39. Kg1 Re1+ 40. Kg2 R1e2+ 41. Kg1 Re1+) 39. Rf2 $18 Rxf2+ $2 (39... Qc7 {might work better.} 40. Qxh7+ Qxh7 41. Rxh7 Kxh7) 40. Kxf2 {[%mdl 4096] Endgame KQR-KQR} Rc1 $2 (40... Re8 41. Re4 Rxe4 42. dxe4 b5) 41. Rf4 Rxc2+ 42. Kg3 Qf7 43. Re4 {White wants to mate with Re8+!} Qc7+ 44. Kf3 Qb7 45. h3 {Kg4 would kill now.} Rh2 46. Kg3 {White threatens Re8+ and mate.} Qc7+ 47. Kh4 $4 {[%mdl 8192] [#]} (47. Rf4 $18 Rf2 48. f7+ Qxf7 49. Rxf2 Qc7+ 50. Kg2 Qc6+ 51. Rf3) 47... Re2 $1 {[%mdl 512] Precision: White = 52%, Black = 51%.} 0-1

[Event "SRB-chT 1st League Men 2018"]
[Site "Valjevo"]
[Date "2018.09.06"]
[Round "7"]
[White "Kosic, Dragan"]
[Black "Pap, Misa"]
[Result "0-1"]
[WhiteElo "2465"]
[BlackElo "2482"]
[Annotator "TA"]
[PlyCount "80"]
[EventDate "2018.08.31"]
[EventType "team-tourn"]
[EventCountry "SRB"]
[SourceTitle "playchess.com"]
[Source "ChessBase"]
[SourceQuality "1"]

{[%evp 21,80,53,71,26,78,17,43,58,39,19,37,17,41,0,22,16,13,0,0,-31,-37,-43,-16,-43,-38,-32,-37,-118,-121,-383,-369,-427,-372,-298,-118,-120,-113,-125,-114,-116,-69,-390,-340,-560,-168,-235,-237,-168,-141,-149,-161,-172,-118,-151,-140,-175,-141,-362,-361,-329,-314]} 1. d4 f5 2. g3 Nf6 3. Bg2 g6 4. Nf3 Bg7 5. O-O O-O 6. c4 d6 7. Nc3 c6 8. b3 Qa5 9. Bb2 e5 10. Qd2 {A88: Holländische Verteidigung (Leningrader Variante)} Re8 (10... Qc7 11. d5 e4 12. Nd4 Qe7 13. dxc6 bxc6 14. Rad1 Rd8 15. Nc2 d5 16. f3 Rd7 17. cxd5 cxd5 18. Nb5 Nc6 {0-1 (37) Gelfand,B (2773)-Giri,A (2734) Beijing 2013}) 11. Rad1 Na6 {LiveBook: 3 Partien} 12. Rfe1 $146 {Weiß steht besser.} ({Vorgänger:} 12. dxe5 dxe5 13. e4 Qb4 14. Rfe1 fxe4 15. Nxe4 Nxe4 16. Rxe4 Qxd2 17. Rxd2 Bf5 {1-0 (48) Jumabayev,R (2611)-Ehlvest,J (2536) Jurmala 2017}) 12... Qc7 {[#]} (12... Qb6 $11 {hält das Gleichgewicht.}) 13. e4 (13. d5 $1 $16) 13... Nxe4 14. Nxe4 fxe4 15. Rxe4 {Droht dxe5 und aus.} Bf5 16. Ree1 Rad8 17. Bc3 e4 18. Nh4 d5 19. Nxf5 gxf5 20. Qg5 Qf7 21. Bh3 Rf8 $1 22. cxd5 cxd5 23. f3 Qg6 $36 {[%mdl 2048] Schwarz steht aktiver.} 24. Qe7 (24. Bd2 $15) 24... Rc8 $17 25. Qxb7 $2 {[%mdl 8192]} (25. fxe4 $17 {ist wohl besser.} dxe4 26. Bb2) 25... Rxc3 $19 26. Qxd5+ Kh8 27. fxe4 fxe4 $2 (27... Nb4 $19 {bietet bessere Gewinnchancen.} 28. Qa5 {[#]} Rxg3+ $1 {[%mdl 512]} 29. hxg3 Qxg3+ 30. Bg2 Nc2) 28. Qxe4 $17 Nb4 {Und weiter mit ...Sd3 wäre nett.} 29. Qxg6 hxg6 30. d5 {Droht Te4.} Nc2 ({Viel schwächer wäre} 30... Nxa2 $6 31. d6 $11) 31. Re6 $2 {[%mdl 8192]} (31. Re4 $1 $15 Bf6 32. d6) 31... Ne3 32. Re1 $2 (32. Rxe3 Rxe3 33. Bg2) 32... Nxd5 $2 (32... Bd4 33. Kh1 Rf2) 33. Rxg6 (33. R6e4 {war angesagt.} Bf6 34. Be6) 33... Bd4+ $19 34. Kh1 Ne3 {Droht stark ...Tf2.} 35. Rd6 Bb6 36. Rd2 Kg7 ({Besser ist} 36... Rc6 $19 {...La5 ist eine echte Drohung.} 37. Rde2 Rh6) 37. Bg2 Rf7 38. Be4 Ng4 39. Kg2 $2 (39. Rde2 $17 {war nötig.}) 39... Re7 40. Rd6 {Schwarz muss nun Tg6+ beachten.} Ne3+ {Precision: Weiß = 19%, Schwarz = 51%.} 0-1

[Event "SRB-chT 1st League Men 2018"]
[Site "Valjevo"]
[Date "2018.09.06"]
[Round "7"]
[White "Lajthajm, Borko"]
[Black "Todorovic, Goran M"]
[Result "1/2-1/2"]
[WhiteElo "2412"]
[BlackElo "2434"]
[Annotator "TA"]
[PlyCount "66"]
[EventDate "2018.08.31"]
[EventType "team-tourn"]
[EventCountry "SRB"]
[SourceTitle "playchess.com"]
[Source "ChessBase"]
[SourceQuality "1"]

{[%evp 14,66,37,20,18,33,54,39,33,21,54,62,48,64,49,52,60,62,64,62,60,29,18,18,19,-16,-21,-16,-27,-19,-12,-15,-12,-12,-12,-12,-17,-24,-27,-26,-10,-12,-12,-12,-12,-12,-12,-12,-12,-12,-12,-12,-12,-25,-12]} 1. d4 d5 2. c4 e6 3. Nf3 c5 4. cxd5 exd5 5. g3 Nf6 6. Bg2 Be7 7. O-O O-O 8. Qc2 {LiveBook: 10 Partien. D30: Damengambit (ohne Sc3)} Nc6 (8... Na6 9. dxc5 Nxc5 10. Rd1 Nce4 11. Ng5 Bf5 12. Nxe4 Bxe4 13. Bxe4 Nxe4 14. Be3 Rc8 {1-0 (61) Ponkratov,P (2604)-Landa,K (2625) Minsk 2015}) 9. dxc5 Ne4 10. Nc3 {Weiß steht etwas besser.} Bf5 {[#] Und weiter mit ...Sxg3! wäre nett.} 11. Qb3 Be6 12. Qxb7 $146 ({Vorgänger:} 12. Rd1 Nxc5 13. Qc2 Qc8 14. Nd4 Nxd4 15. Rxd4 {0-1 (57) Steindorsson,S (2211)-Votava,J (2518) Selfoss 2002}) 12... Nxc5 13. Qxc6 Rc8 14. Nd4 Rxc6 15. Nxc6 Qd7 16. Nxe7+ Qxe7 17. Be3 Ne4 18. Nxe4 dxe4 19. Bxe4 Bh3 $36 {[%mdl 2048] Schwarz kämpft um Vorteil.} 20. Bg2 Bxg2 21. Kxg2 Qb7+ 22. Kg1 Qxb2 23. Bxa7 Ra8 24. Be3 h5 {[%cal Bh7h5,Bh5h4][%mdl 32]} ({Aber nicht} 24... Rxa2 $2 25. Rab1 $18) 25. a4 h4 26. Rfe1 Qb4 27. Red1 Rxa4 28. Rxa4 Qxa4 $11 {KD-KTL} 29. Rd4 Qa1+ 30. Kg2 h3+ 31. Kxh3 Qf1+ 32. Kg4 Qxe2+ 33. Kf4 Qa6 {Precision: Weiß = 67%, Schwarz = 78%.} 1/2-1/2

[Event "SRB-chT 1st League Men 2018"]
[Site "Valjevo"]
[Date "2018.09.06"]
[Round "7"]
[White "Radlovacki, Jovan"]
[Black "Miljkovic, Miroslav D"]
[Result "*"]
[WhiteElo "2312"]
[BlackElo "2474"]
[Annotator "TA"]
[PlyCount "96"]
[EventDate "2018.08.31"]
[EventType "team-tourn"]
[EventCountry "SRB"]
[SourceTitle "playchess.com"]
[Source "ChessBase"]
[SourceQuality "1"]

{[%evp 24,96,28,62,43,20,0,0,0,0,2,-23,0,-39,-18,-7,-9,-30,-30,-30,-30,-30,-30,-41,-30,-30,-22,-32,-33,-27,-25,-39,-11,-23,-13,-89,-8,-8,-1,-3,0,-2,0,0,0,0,0,0,0,0,0,0,0,0,0,0,0,0,0,-23,-23,-23,-23,-23,-18,-22,0,-23,-23,-23,-23,-23,-23,-23,-23]} 1. e4 c5 2. Nf3 e6 3. d3 Nc6 4. g3 g6 5. Bg2 Bg7 6. O-O Nge7 7. c3 O-O 8. Re1 e5 9. Be3 {A04: Holländisches System ohne Übergang in andere Systeme} (9. a3 d6 10. b4 Be6 11. b5 Nb8 12. c4 h6 13. Nc3 Nd7 14. Nd5 a6 15. Rb1 axb5 16. Rxb5 b6 17. Qb3 Ra6 18. Bd2 {½-½ (39) Carlsen,M (2832)-Grischuk,A (2750) chess.com INT 2017}) 9... d6 10. Na3 h6 11. Qd2 Kh7 12. d4 exd4 13. cxd4 {LiveBook: 3 Partien} Bg4 {Und ...Lxf3 würde nun gewinnen.} 14. dxc5 (14. d5 $5 {[%cal Rd5c6]} Bxf3 15. Bxf3 $14) 14... dxc5 {Droht ...Lxf3 und aus.} 15. Qxd8 Rfxd8 16. Bxc5 Rac8 $146 {Und weiter mit ...Lxf3 wäre nett.} ({Vorgänger:} 16... Rd3 17. Re3 {½-½ (42) Jansa,V (2505)-Djuric,S (2350) Vrnjacka Banja 1978}) 17. Re3 Rd7 18. Rae1 b6 (18... Bxb2 {is interesting.} 19. Nc4 Nb4 20. Bxe7 Rxc4 21. Bf1 Nc2) 19. Bxe7 $1 Rxe7 20. e5 {[#]} Nxe5 $1 {[%mdl 512]} 21. Nxe5 (21. Rxe5 Bxe5) 21... Rxe5 22. Rxe5 Bxe5 23. Bb7 (23. Rxe5 {ist ein Selbstmatt.} Rc1+ 24. Re1 Rxe1+ 25. Bf1 Bh3 26. Kh1 Rxf1#) 23... Rc7 ({Natürlich nicht} 23... Bxb2 $6 24. Bxc8 Bxc8 25. Nb5 $16) 24. Rxe5 {zielt auf Ld5 ab.} Rxb7 $11 {[%mdl 4096] Endspiel KTL-KTS} 25. Kg2 Rd7 26. Nb5 Be6 27. Nc3 Rd2 28. Rb5 $1 Bd7 29. Rb4 {[#]} (29. Rb3 $1 $11) 29... Rc2 ({Besser ist} 29... b5 $1 $17 {[%mdl 512] Droht stark ...a5.} 30. Nxb5 a5) 30. Kf3 Kg7 31. Ke3 g5 32. a3 Rc1 33. Rd4 Be6 34. Rd1 Rc2 35. Rd2 $1 {[%cal Rd2c2]} Rc1 36. Rd1 Rc2 37. Rd2 $1 {[%cal Rd2c2]} Rxd2 38. Kxd2 {KL-KS} Kf6 39. f3 Ke5 40. Ke3 Bd7 41. f4+ gxf4+ 42. gxf4+ Kf5 43. Ne4 Be6 44. b4 Bd7 45. Nf2 Bc6 {Schwarz hat minimalen Vorteil.} 46. Nd1 h5 47. Nf2 $1 h4 48. Nd1 f6 {Precision: Weiß = 70%, Schwarz = 63%.} *

[Event "SRB-chT 1st League Men 2018"]
[Site "Valjevo"]
[Date "2018.09.07"]
[Round "8"]
[White "Kuzubov, Yuriy"]
[Black "Banusz, Tamas"]
[Result "1/2-1/2"]
[WhiteElo "2652"]
[BlackElo "2618"]
[Annotator "TA"]
[PlyCount "39"]
[EventDate "2018.08.31"]
[EventType "team-tourn"]
[EventCountry "SRB"]
[SourceTitle "playchess.com"]
[Source "ChessBase"]
[SourceQuality "1"]

{[%evp 25,39,22,16,27,18,22,33,12,12,12,8,6,14,4,9,0]} 1. d4 d5 2. c4 c6 3. Nc3 Nf6 4. e3 e6 5. Nf3 a6 6. b3 Bb4 7. Bd2 Nbd7 8. Bd3 O-O 9. O-O {D45: Semi-Slav: 5 e3} Qe7 10. Qc2 (10. Rc1 b6 11. Ne2 Bd6 12. Ng3 Bb7 13. Qe2 g6 14. e4 dxc4 15. bxc4 e5 {1-0 (43) Tomashevsky,E (2714)-Fridman,D (2639) Berlin 2018}) 10... e5 11. dxe5 Nxe5 12. Nxe5 Qxe5 13. Nxd5 Nxd5 {LiveBook: 13 Games} 14. cxd5 Bxd2 15. Qxd2 {aiming for dxc6.} Qxd5 {[#] Hoping for ...Bf5.} 16. Qc2 g6 {The position is equal.} 17. Rad1 $146 {Strongly threatening Bxg6.} Qe5 18. h3 Qe7 19. Qc3 Be6 20. Bc4 1/2-1/2

[Event "SRB-chT 1st League Men 2018"]
[Site "Valjevo"]
[Date "2018.09.07"]
[Round "8"]
[White "Perunovic, Milos"]
[Black "Pavlovic, Milos"]
[Result "1/2-1/2"]
[WhiteElo "2601"]
[BlackElo "2482"]
[Annotator "TA RC"]
[PlyCount "51"]
[EventDate "2018.08.31"]
[EventType "team-tourn"]
[EventCountry "SRB"]
[SourceTitle "playchess.com"]
[Source "ChessBase"]
[SourceQuality "1"]

{[%evp 18,51,0,-16,10,18,32,16,25,8,18,6,6,-45,-38,-52,-18,-19,-28,-58,-18,-41,-29,-58,-33,-29,-22,-64,-56,-87,-51,-55,-56,-85,-63,-85]} 1. e4 e5 2. Nf3 Nc6 3. Bb5 Nf6 4. O-O Nxe4 5. d4 Nd6 6. dxe5 Nxb5 7. a4 Nbd4 {C67: Ruy Lopez: Berlin Defence: 4 0-0 Nxe4} 8. Nxd4 d5 9. Nxc6 bxc6 10. Nd2 {[%cal Bb1d2,Bd2f3,Bf3d4][%mdl 32] LiveBook: 6 Games} Be6 $146 ({Predecessor:} 10... Be7 11. Nb3 O-O 12. Be3 Bf5 13. Qd2 f6 14. exf6 Rxf6 15. Bg5 {½-½ (43) Gharamian,T (2626)-Kryvoruchko,Y (2692) Heraklio 2017}) 11. Nf3 Be7 12. Nd4 Qd7 13. f4 {[#] Threatens to win with f5.} c5 14. Nxe6 fxe6 15. f5 (15. b3 $11) 15... exf5 $15 16. e6 $1 {[%cal Re6d7]} Qc6 $1 ({Much worse is} 16... Qxe6 $6 17. Re1 $16) 17. Rxf5 O-O-O 18. Bf4 Rhf8 19. Rxf8 Rxf8 20. Qg4 h5 21. Qxg7 {[#] Bg5 is the strong threat.} Qxe6 22. Qe5 Qxe5 23. Bxe5 c4 24. Rd1 Rf5 25. Bg7 Kd7 26. g3 {Precision: White = 39%, Black = 49%.} 1/2-1/2

[Event "SRB-chT 1st League Men 2018"]
[Site "Valjevo"]
[Date "2018.09.07"]
[Round "8"]
[White "Perunovic, Milos"]
[Black "Nikolic, Predrag"]
[Result "*"]
[WhiteElo "2601"]
[BlackElo "2584"]
[Annotator "TA"]
[PlyCount "38"]
[EventDate "2018.08.31"]
[EventType "team-tourn"]
[EventCountry "SRB"]
[SourceTitle "playchess.com"]
[Source "ChessBase"]
[SourceQuality "1"]

{[%evp 15,16,6,20]} 1. e4 e5 2. Nf3 Nc6 3. Bb5 Nf6 4. O-O Nxe4 5. d4 Nd6 6. dxe5 Nxb5 7. a4 Nbd4 {C67: Ruy Lopez: Berlin Defence: 4 0-0 Nxe4} 8. Nxd4 d5 {LiveBook: 104 Games} {Predecessor:} 9. exd6 $146 Nxd4 10. Qxd4 Qxd6 11. Qe3+ Be7 12. Nc3 c6 13. Re1 Be6 14. Ne4 Qc7 15. Nc5 Bxc5 16. Qxc5 b6 17. Qa3 c5 18. a5 O-O 19. axb6 Qxb6 {½-½ (63) Hou,Y (2658)-Ponomariov,R (2686) Shenzhen 2018} *

[Event "SRB-chT 1st League Men 2018"]
[Site "Valjevo"]
[Date "2018.09.07"]
[Round "8"]
[White "Miladinovic, Igor"]
[Black "Tadic, Branko"]
[Result "1/2-1/2"]
[WhiteElo "2545"]
[BlackElo "2463"]
[Annotator "TA"]
[PlyCount "39"]
[EventDate "2018.08.31"]
[EventType "team-tourn"]
[EventCountry "SRB"]
[SourceTitle "playchess.com"]
[Source "ChessBase"]
[SourceQuality "1"]

{[%evp 9,39,-12,-7,-13,-9,-9,-9,-13,-9,-19,0,-25,0,-11,12,12,17,18,39,42,47,39,39,38,36,36,99,93,87,47,56,16]} 1. d4 Nf6 2. Bg5 c5 3. Bxf6 gxf6 4. dxc5 Na6 5. Nd2 Nxc5 {LiveBook: 5 Games} 6. c3 {A45: Trompowsky Attack} b6 7. Ngf3 Bb7 8. g3 {The position is equal.} f5 9. Bg2 Qc7 10. a4 $146 ({Predecessor:} 10. Nb3 Bg7 11. O-O e6 12. Nbd4 a6 13. e3 O-O {½-½ (13) Miladinovic,I (2501)-Georgiev,K (2527) Chalkidiki 2002}) 10... Bh6 11. Nb3 Nxb3 12. Qxb3 e6 13. O-O Bxf3 14. Bxf3 Rc8 15. a5 bxa5 16. Qa4 O-O 17. Qxa5 Qb6 ({Better is} 17... Qb8 $14) 18. Qxb6 $16 axb6 19. Rfd1 d5 20. Rd4 {Precision: White = 57%, Black = 42%.} 1/2-1/2